00522nam a2200193Ia 4500008004100000020001800041050001400059100002500073245002600098245004600124245005800170260001500228260001600243260000900259300001500268300002700283300001000310500000800320170918s9999 xx 000 0 und d a9780545198165 bR896 2009 aRubin, Susan Goldman 4aThe Anne Frank case : bSimon Wiesenthal's search for the truth / cSusan Goldman Rubin ; illustrated by Bill Farnsworth. aNew York : bScholastic, c2009 a40 pages : bcolored illustration ; c28cm. a910